|
|
|
|
| LEADER |
00000ny a22000003n 4500 |
| 005 |
2011051206236.0 |
| 008 |
070206s19uu9999ve r p s 0 a0spa d |
| 022 |
|
|
|a 0076-6550
|
| 035 |
|
|
|a 3200
|
| 040 |
|
|
|a BUS
|d vLex
|
| 090 |
|
|
|c 1750
|d 1750
|
| 245 |
3 |
|
|a Anuario de Derecho
|h [Recurso electrn̤ico]
|
| 256 |
|
|
|a Servicio en ln̕ea
|
| 260 |
|
|
|a Venezuela :
|b Universidad de los Andes
|
| 506 |
1 |
|
|a Contenido solo disponible en los productos indicados
|d vLex Global
|d vLex Global (Academic Edition, excluding Law Schools)
|d vLex Global (Academic Edition, Law Schools)
|
| 650 |
0 |
4 |
|a Derecho
|x Publicaciones perid̤icas
|
| 710 |
2 |
|
|a Universidad de Venezuela
|
| 740 |
|
|
|a vLex Revista (Servicios en ln̕ea)
|
| 843 |
|
|
|a Electrn̤ica. Cerrada
|
| 853 |
|
|
|8 1
|i (year)
|j (month)
|k (day)
|
| 856 |
4 |
0 |
|z Acceso restringido
|u http://vlex.com/account/login_ip?fuente_id=3200
|
| 942 |
|
|
|c REV
|